La carrière de Mario Balotelli - Statistiques

Statistiques générales
  • Ce quiz a été pris 107 fois
    31 depuis la dernière actualisation
  • Le résultat moyen est 7 sur 15
Statistiques - réponses
Année Match But Club % Correct
2010 - 2013 80 30 Manchester City
96%
2019 15 8 Marseille
89%
2016 - 2019 76 43 OGC Nice
89%
2007 - 2010 86 28 Inter Milan
81%
2014 - 2016 28 4 Liverpool
67%
2013 - 2014 54 30 Milan AC
56%
2019 - 2020 19 5 Brescia FC
41%
-> 2015 - 2016 23 3 Milan AC
37%
2024 - 2025 6 0 Genoa CFC
33%
2021 - 2022 35 19 Adana Demirspor
26%
2022 - 2023 19 6 FC Sion
26%
2020 - 2021 14 6 AC Monza
15%
2023 - 2024 16 7 Adana Demirspor
15%
2005 - 2007 2 0 AC Lumezzane
7%
2026 - actuel 5 3 Al-Ittifaq FC
7%
Aucun quiz correspondant
Distribution des résultats
% des personnes avec chaque résultat
Percentile par nombre de réponses
Votre historique - résultats
Vous n’avez pas pris ce quiz depuis la dernière actualisation